6-Letter Words Without First 2 Letters Quiz Stats

 Plays Quiz Updated Jan 21, 2018

Challenge
Share
Tweet
Embed
Score 0/42 Timer 08:00
3 Plays Today
Hint Answer % Correct
_ _ A S M APLASMA
91.1%
_ _ A D O WSHADOW
90.1%
_ _ O V E LSHOVEL
87.5%
_ _ I O M SIDIOMS
82.1%
_ _ S P E LGOSPEL
72.9%
_ _ L O N YFELONY
71.3%
_ _ A D O WMEADOW
68.3%
_ _ E A T YTREATY
63%
_ _ A D L YGLADLY
62.7%
_ _ A D L YDEADLY
61.8%
_ _ M O R YARMORY
60.5%
_ _ D I S TSADIST
60.1%
_ _ T W I TNITWIT
58.2%
_ _ R G I NMARGIN
57.7%
_ _ N D L YKINDLY
57.3%
_ _ O V E LGROVEL
53.4%
_ _ B U T SREBUTS
52%
_ _ S P E LDISPEL
51.3%
_ _ R G I NVIRGIN
50.8%
_ _ L O N YCOLONY
49.8%
_ _ N D L YFONDLY
49.8%
Hint Answer % Correct
_ _ M O R YMEMORY
49.4%
_ _ R A N DSTRAND
47.1%
_ _ I O M SAXIOMS
46.9%
_ _ R A N DERRAND
46.8%
_ _ C A T ELOCATE
44.2%
_ _ I T O REDITOR
44%
_ _ B U T SDEBUTS
43.2%
_ _ D I S TNUDIST
42.5%
_ _ O T H ESOOTHE
41.8%
_ _ E A T YSWEATY
41.1%
_ _ T W I TOUTWIT
40.4%
_ _ O T H ECLOTHE
38.3%
_ _ A S M AMIASMA
36.8%
_ _ C A T EVACATE
36%
_ _ D I L YBODILY
32%
_ _ S A G EVISAGE
30.2%
_ _ I T O RSUITOR
26.3%
_ _ S A G EDOSAGE
23.1%
_ _ L O N YMELONY
15.7%
_ _ D I L YTIDILY
13%
_ _ D I S TRUDIST
12.5%

You're not logged in!

Compare scores with friends on all Sporcle quizzes.
OR
Log In

You Might Also Like...

Show Comments

Extras

Top Quizzes Today


Score Distribution

Your Account Isn't Verified!

In order to create a playlist on Sporcle, you need to verify the email address you used during registration. Go to your Sporcle Settings to finish the process.

Report this User

Report this user for behavior that violates our Community Guidelines.

Details: